000 01363nam a22002657a 4500
001 9195
003 FISKH
005 20251128101019.0
008 251128b cb ||||| |||| 00| 0 eng d
020 _a9780026743136
040 _aFISKH
_beng
_cFISKH
_dFISKH
082 _a636.088
100 _aMichael, Meg
245 _aPick a pet /
_cby Meg Michael ; illustrated by Susanne DeMarco
260 _aColumbus :
_bSra MaGrw-Hill,
_c1998.
300 _a16 pages :
_bcolor illustrations ;
_c23 cm
505 _aE
520 _aIn Pick a Pet, a boy named Derek visits an animal shelter. Core Docs +2 amazon.com +2 As Derek walks through the shelter, he sees many animals — pets of different kinds (cats, dogs, birds, maybe other small animals) — and hears the sounds they make. Core Docs +1 The story invites the reader to imagine: Which animal would make the best pet? It encourages students to think about what makes a good pet (behavior, sounds, personality) and to consider carefully when choosing a pet. Core Docs At the end, there is a suggestion that Derek might choose an animal to bring home (though the book leaves it open for imagination).
521 8 _a280
_bLexile estimate
521 8 _aE
_bRaz-Plus
650 _a Zambia
700 _aDeMarco, Susanne
_eillustrator
942 _2ddc
_cBK
_n0
999 _c9195
_d9195